Famous US Immigrants - Statistics

General Stats
  • This quiz has been taken 14,632 times
    11,319 since last reset
  • The average score is 10 of 20
Answer Stats
Clue From Immigrant % Correct
He discovered relativity Germany Albert Einstein
98%
Bodybuilding governator Austria Arnold Schwarzenegger
95%
Telephone inventor UK/Canada Alexander Graham Bell
86%
Escape artist Austrian Empire Harry Houdini
75%
Inventor of blue jeans Germany Levi Strauss
66%
Started America's most prestigious journalism prize Austrian Empire Joseph Pulitzer
55%
Inventor who helped make A/C power possible Austrian Empire Nikola Tesla
53%
Media mogul who started Fox News Australia Rupert Murdoch
49%
Nixon's Secretary of State Germany Henry Kissinger
45%
Steel baron and library funder UK Andrew Carnegie
40%
"Atlas Shrugged" author USSR Ayn Rand
39%
"Brokeback Mountain" director Taiwan Ang Lee
38%
Lucille Ball's husband Cuba Desi Arnaz
38%
Colorado beer brewer Germany Adolph Coors
37%
Aged troop entertainer UK Bob Hope
37%
"I, Robot" author USSR Isaac Asimov
36%
Rock guitarist who is "Hot For Teacher" Netherlands Eddie Van Halen
34%
"Queen of Latin Pop" Cuba Gloria Estefan
33%
"White Christmas" composer Russia Irving Berlin
30%
V-2 rocket scientist Germany Wernher von Braun
28%
No matching quizzes found
Score Distribution
Percent of People with Each Score
Percentile by Number Answered
Your Score History
You have not taken this quiz since the last reset